000 00494nam a2200217Ia 4500
008 210210b1962 xxu||||| |||| 00| 0 eng d
041 _aeng
082 _a383/38
100 _aCARRAD (H L)
245 _aPractical office training Ed 7
250 _a
260 _aLondon
_bGregg Publishing Division,
_c1962
300 _axii,294
650 _atraining
650 _aPractical
650 _aoffice
650 _aEd
650 _a7
690 _aOffice Management
906 _a005234
999 _c125127
_d125127